00377nam a2200133Ia 450000500170000000800410001702000150005808200130007310000140008624500530010026000420015330000220019565000260021720250305074837.0240331s9999 xx 000 0 und d a817094063X bKADa954 aKadian, R 0aIndia's Sri Lanka Fiasco :bpeace keepers at war aNew DelhibVision Books Pvt Ltdc1990 a184 p .,  aSri Lankan Government